| 000 | 00537nam a2200217Ia 4500 | ||
|---|---|---|---|
| 003 | GCL | ||
| 008 | 140319s9999 xx 000 0 eng d | ||
| 040 |
_aGCL / _cGCL |
||
| 082 | 0 | 4 |
_a523.111 _bF S |
| 100 | 1 | _aFELDANA, ANTHONY | |
| 245 | 1 | 0 |
_aSPACE: EXPLORATION AND DISCOVERY / _cFELDANA, ANTHONY |
| 260 |
_a[S.N] : _bFERGUSON PUBLISHING COMPANY |
||
| 300 | _a336 P | ||
| 650 | 0 | 4 | _aSUN COMPUTERS |
| 650 | 0 | 4 | _aASTRONOMY |
| 650 | 0 | 4 | _aSPACE SCIENCE |
| 650 | 0 | 4 | _aSUN |
| 650 | 0 | 4 | _aSTARS |
| 650 | 0 | 4 | _aGALAXIES |
| 942 |
_2ddc _cBK |
||
| 999 |
_c14324 _d14324 |
||